000 00302nam a2200121Ia 4500
008 241002s9999 xx 000 0 und d
082 _a808.84 CAR
100 _aCarlyle, Thomas
245 0 _aSartor Resartus on Heroes and Hero-worship
260 _aLondon:
_c1954
600 _aLiterature
942 _cUC
999 _c18821
_d18821